Sensō to keizai /

Saved in:
Bibliographic Details
Main Author: Arisawa, Hiromi, 1896-
Format: Book
Language:Japanese
Published: Tōkyō : Nihon Hyōronsha, Shōwa 12 [1937]
Subjects:
Tags: Add Tag
No Tags, Be the first to tag this record!
LEADER 00801nam a2200241 a 4500
001 007747246-2
005 20024617120653.0
008 940722s1937 ja 001 0 jpn
010 |a j 61004056 
035 0 |a ocm30815787 
040 |a DLC  |c NcD  |d *YNH*  |d CStRLIN 
100 1 |6 880-01  |a Arisawa, Hiromi,  |d 1896- 
245 1 0 |6 880-02  |a Sensō to keizai /  |c Arisawa Hiromi cho. 
260 |6 880-03  |a Tōkyō :  |b Nihon Hyōronsha,  |c Shōwa 12 [1937] 
300 |a 2, 2, 347 p. ;  |c 20 cm. 
504 |a Includes bibliographical references. 
650 0 |a Industrial mobilization. 
650 0 |a War  |x Economic aspects. 
880 1 |6 100-01  |a 有澤廣巳,  |d 1896- 
880 1 0 |6 245-02  |a 戰爭と經濟 /  |c 有澤廣巳著. 
880 |6 260-03  |a 東京 :  |b 日本評論社,  |c 昭和12 [1937] 
988 |a 20021217 
906 |0 DLC